1077 1269 1265 1235 1583 1184 1806 1514 1891 1057 1248 1850 1052 1076 1504 1526 1946 1892 1482 1729 1001 1440 1418 1916 1836 1438 1124 1412 1477 1152 1340 1562 1474 1497 1581 1021 1139 1389 1416 1867 1279 1335 1593 1581 1236 1050 1413 1863 1066 1843 1587 1230 1326 1284 1925 1994 1455 1608 1075 1117 1924 1889 1781 1222 1112 1495 1931 1425 1344 1999 1860 1473 1321 1363 1270 1709 1648 1529 1350 1275 1817 1160 1495 1004 1294 1108 1996 1468 1663 1713 1311 1125 1019 1388 1406 1832 1434 1971 1577 BCNSPRNW ULIB Ver.6.0+V

เปลี่ยนเป็นภาษาไทย

Change to English
 แสดงรายละเอียดบรรณานุกรม
  กลับหน้าหลัก

Brief Record : Get Marc (ISO 2709) : E-mail record : QR code < ปิดหน้าต่าง
LEADER : 00000nam 2200000uu 4500
001    13399128194
003     ULIB
008    220815s2019||||th 000 0 tha d
020  & ^a9781259861925
060  & ^aWB105^bR4845
245 00 ^aReichman s Emergency medicine procedures/^c [edited by] Eric F. Reichman.
250  & ^a3rd ed.
260  & ^aNew York :^b McGraw-Hill Education;^c2019.
300  & ^axxiv, 1271 p. :^bcol. ill.
504  & ^aIncludes bibliographical references and index.
650 4  ^aEmergency medicine^xMethods.
700 1  ^aReichman, Eric F.
945    ^p0^l0^i009298
999    ^aประนอม เกษจรัล
รายการนี้ยังไม่มีแท็ก
คุณยังไม่ได้ล็อกอิน คุณสามารถมีกิจกรรมร่วมกับเว็บไซต์ได้ แต่ต้องล็อกอินก่อน ::
  ล็อกอิน

รายการสื่อสารสนเทศ

ลำดับที่ ประเภท เลขเรียก/บาร์โค้ด สถานที่ สถานะ
1. วิทยาศาสตร์การแพทย์ และสุขภาพ
หนังสือสำรอง
สถานะ=หนังสือสำรอง
WB105 R4845 ฉ.1 
  Barcode: 009298
ห้องสมุดวิทยาเขตสวรรค์ประชารักษ์
►หนังสือทั่วไป
บนชั้น

BibComment


ยังไม่เคยถูกคอมเมนท์

คอมเมนท์ทรัพยากรรายการนี้
  คอมเมนท์: Reichman s Emerg..


 Copyright 2026. Bcnsprnw @Library